00478cam a2200181 a 4500001000800000005001700008008004100025010001700066020001500083040001800098041000800116080001200124082001600136100000600152101000800158245010000166504003000266231632320180314043709.0810721s1982 paua b 001 0 eng  a 81051191  a0721650945 aDLCcDLCdDLC aeng a612 JAC00a612 JAC2191 a6 aANA10aStructure and function in man /cStanley W. Jacob, Clarice Ashworth Francone, Walter J. Lossow. aBibliography: p. 635-640.